LEADER 01837nam2-2200409---450- 001 990005958870203316 005 20151008113439.0 010 $a978-92-9241-665-2 035 $a000595887 035 $aUSA01000595887 035 $a(ALEPH)000595887USA01 035 $a000595887 100 $a20140730d2014----km-y0itaa50------ba 101 0 $aita 102 $aLU 105 $a||||||||001yy 200 1 $aEfficacia dei progetti di trasporto pubblico urbano finanziati dall'UE$fCorte dei conti europea 210 $aLussemburgo$cUfficio delle pubblicazioni dell'Unione europea$d2014 215 $a33 p.$cill.$d30 cm 225 2 $aRelazione speciale$v1/2014 330 $aTra il 2000 ed il 2013, l?UE ha stanziato 10,7 miliardi di euro per cofinanziare progetti volti ad aiutare le cittą ad attuare trasporti urbani con mezzi quali metropolitana, tram e autobus. In questa relazione, la Corte ha appurato se i progetti siano stati attuati come pianificato, abbiano fornito servizi che soddisfano le esigenze degli utenti e siano usati nella misura prevista. [Ed.] 410 0$1001000351941$aRelazione speciale 606 0 $aTrasporti urbani$xPianificazione$yPaesi dell'Unione europea$2BNCF 676 $a338.4300094 699 $a10.07$bTrasporti urbani 710 02$aCorte dei conti europea$0541549 801 0$aIT$bsalbc$gISBD 856 4 $uhttp://bookshop.europa.eu/uri?target=EUB:NOTICE:QJAB14001:IT:HTML$4.$zAccesso libero online 912 $a990005958870203316 951 $aCDE 10.07 (I)$bCDE 3031$cCDE 10.07$d00140929 959 $aBK 969 $aCDE 979 $aMARIAS$b90$c20140730$lUSA01$h1041 979 $aMARIAS$b90$c20140730$lUSA01$h1111 979 $aMARIAS$b90$c20151008$lUSA01$h1134 996 $aEfficacia dei progetti di trasporto pubblico urbano finanziati dall'UE$91071128 997 $aUNISA